[Event "23.Schlosspark-Open"]
[Site "Wiesbaden"]
[Date "2011.08.26"]
[Round "2.1"]
[White "Busche, Stefan"]
[Black "Luther, Thomas"]
[Result "0-1"]
[WhiteElo "2079"]
[BlackElo "2515"]
[PlyCount "40"]
[EventDate "2011.??.??"]
[WhiteTeam "SV Saarbrücken 1970"]
[BlackTeam "SV Empor Erfurt"]

1. e4 c5 2. c3 d5 3. exd5 Qxd5 4. d4 g6 5. Nf3 Bg7 6. Na3 cxd4 7. Nb5 Na6 8.
Nbxd4 Nf6 9. Be2 O-O 10. O-O Nc5 11. Bf4 b6 12. Ne5 Bb7 13. Bf3 Nfe4 14. c4 Qd6
15. Nb5 Qf6 16. g3 Rad8 17. Qe2 g5 18. b4 gxf4 19. bxc5 Qxe5 20. cxb6 Ng5 0-1

[Event "23.Schlosspark-Open"]
[Site "Wiesbaden"]
[Date "2011.08.26"]
[Round "2.2"]
[White "Meijers, Viesturs"]
[Black "Bösch, Udo"]
[Result "1-0"]
[WhiteElo "2492"]
[BlackElo "2071"]
[PlyCount "59"]
[EventDate "2011.??.??"]
[WhiteTeam "ESV Nickelhütte Aue"]
[BlackTeam "SK Ebringen"]

1. d4 d5 2. e3 g6 3. b3 Bg7 4. Bb2 Nf6 5. Nf3 O-O 6. c4 c6 7. Be2 Nbd7 8. O-O
Ne4 9. a3 Re8 10. Qc2 e6 11. Rc1 Ndf6 12. Bd3 Nd6 13. Nbd2 Bh6 14. h3 Nd7 15.
b4 a6 16. a4 Rb8 17. b5 Nf5 18. Ba3 Bg7 19. Rab1 h6 20. cxd5 cxd5 21. g4 Nh4
22. Qc7 Nxf3+ 23. Nxf3 Qxc7 24. Rxc7 e5 25. bxa6 bxa6 26. Rxb8 Nxb8 27. Nxe5
Bxe5 28. dxe5 Bd7 29. a5 Rc8 30. Bd6 1-0

[Event "23.Schlosspark-Open"]
[Site "Wiesbaden"]
[Date "2011.08.26"]
[Round "2.3"]
[White "Martin T., Milan"]
[Black "Boidman, Yuri"]
[Result "0-1"]
[WhiteElo "2076"]
[BlackElo "2444"]
[PlyCount "40"]
[EventDate "2011.??.??"]
[WhiteTeam "vereinslos"]
[BlackTeam "SC Heimbach-Weis/N."]

1. e4 d5 2. e5 Bf5 3. Nf3 e6 4. d4 c5 5. Bb5+ Nc6 6. O-O Qb6 7. c4 dxc4 8.
Bxc6+ Qxc6 9. a4 Rd8 10. Bg5 Ne7 11. Be3 Bg4 12. Nbd2 cxd4 13. Bf4 g5 14. Bg3
h5 15. h3 Bf5 16. Rc1 c3 17. Qb3 h4 18. Bh2 c2 19. Nc4 Qd5 20. Nd6+ Rxd6 0-1

[Event "23.Schlosspark-Open"]
[Site "Wiesbaden"]
[Date "2011.08.26"]
[Round "2.4"]
[White "Poetsch, Hagen"]
[Black "Müller, Lutz"]
[Result "1-0"]
[WhiteElo "2403"]
[BlackElo "2064"]
[PlyCount "81"]
[EventDate "2011.??.??"]
[WhiteTeam "Wiesbadener SV 1885"]
[BlackTeam "Sfr.Mainz 1928"]

1. e4 c5 2. Nf3 d6 3. c3 Nf6 4. Bd3 e5 5. Bc2 Be7 6. d4 Qc7 7. Nbd2 O-O 8. O-O
Bg4 9. dxe5 dxe5 10. Qe2 Nc6 11. Nc4 Bxf3 12. Qxf3 Nd8 13. Qg3 Nc6 14. Bh6 Ne8
15. Ne3 Kh8 16. Nd5 Qd6 17. Be3 Rc8 18. Rfd1 Qe6 19. Bb3 Na5 20. Nxe7 Qxe7 21.
Rd5 f6 22. Rad1 Nxb3 23. axb3 Rf7 24. Qg4 f5 25. Qh3 Rc6 26. exf5 Nf6 27. Bg5
Rf8 28. Qg3 Qf7 29. Bxf6 Rxf6 30. Qxe5 h5 31. f3 Kh7 32. Qe4 Re8 33. Qd3 Qc7
34. Qb5 Re7 35. Rxc5 Qf4 36. Qd3 Re5 37. g3 Qe3+ 38. Qxe3 Rxe3 39. Kf2 Re7 40.
Rcd5 Ref7 41. g4 1-0

[Event "23.Schlosspark-Open"]
[Site "Wiesbaden"]
[Date "2011.08.26"]
[Round "2.5"]
[White "Reinert, Stéphane"]
[Black "Donchenko, Anatoly"]
[Result "1/2-1/2"]
[WhiteElo "2070"]
[BlackElo "2383"]
[PlyCount "34"]
[EventDate "2011.??.??"]
[WhiteTeam "SC Bad Nauheim"]
[BlackTeam "SK 1858 Gießen"]

1. d4 d5 2. Nf3 e6 3. e3 Nf6 4. Bd3 c5 5. b3 Be7 6. O-O O-O 7. Bb2 b6 8. Nbd2
Bb7 9. Ne5 Nc6 10. f4 Nb4 11. Be2 Ne4 12. Nxe4 dxe4 13. c4 f6 14. Ng4 Qc7 15.
a3 Nc6 16. Qc2 f5 17. d5 exd5 1/2-1/2

[Event "23.Schlosspark-Open"]
[Site "Wiesbaden"]
[Date "2011.08.26"]
[Round "2.6"]
[White "Geske, Julian"]
[Black "Glinzer, Christoph"]
[Result "1-0"]
[WhiteElo "2337"]
[BlackElo "2058"]
[PlyCount "93"]
[EventDate "2011.??.??"]
[WhiteTeam "Wiesbadener SV 1885"]
[BlackTeam "SC Alzenau"]

1. e4 e5 2. Nf3 Nc6 3. Bb5 Nf6 4. d3 Nd4 5. Nxd4 exd4 6. O-O c6 7. Bc4 d5 8.
exd5 Nxd5 9. Re1+ Be7 10. Qh5 O-O 11. Bxd5 cxd5 12. Bf4 Be6 13. Nd2 Rc8 14. Qd1
Bb4 15. a3 Bxd2 16. Qxd2 Qb6 17. Rab1 Rfe8 18. f3 Bd7 19. Rxe8+ Bxe8 20. Bg3
Qc5 21. Rc1 Ba4 22. Bf2 Bxc2 23. b4 Qc6 24. Bxd4 h6 25. Bxa7 Qa4 26. Bd4 Rc6
27. Re1 Qxa3 28. Re8+ Kh7 29. b5 Qa4 30. bxc6 Qxd4+ 31. Qf2 Qxf2+ 32. Kxf2 bxc6
33. Ke3 Ba4 34. Re7 Kg6 35. Kd4 Kf6 36. Re3 Kf5 37. g3 Kf6 38. Kc5 g6 39. d4
Kf5 40. Kd6 Kf6 41. Rc3 Kg5 42. Rxc6 Bb3 43. Rc5 f5 44. Rxd5 Bd1 45. f4+ Kg4
46. Rb5 g5 47. Ke5 1-0

[Event "23.Schlosspark-Open"]
[Site "Wiesbaden"]
[Date "2011.08.26"]
[Round "2.7"]
[White "Klyszcz, Michael"]
[Black "Dausch, Rene"]
[Result "0-1"]
[WhiteElo "2064"]
[BlackElo "2375"]
[PlyCount "60"]
[EventDate "2011.??.??"]
[WhiteTeam "SG 1871 Löberitz"]
[BlackTeam "SC Böblingen 1975 e.V."]

1. d4 Nf6 2. Bg5 Ne4 3. Bf4 e5 4. dxe5 d5 5. Nd2 Qe7 6. Ngf3 Nc6 7. e3 Bg4 8.
Be2 O-O-O 9. Nd4 Bd7 10. Nxc6 Bxc6 11. Bg4+ Kb8 12. Nxe4 dxe4 13. Qe2 g5 14.
Bg3 Bg7 15. f4 exf3 16. Bxf3 Bxf3 17. gxf3 h5 18. O-O h4 19. Be1 Bxe5 20. Qb5
Rh6 21. Qb4 Qxb4 22. Bxb4 Bxb2 23. Be7 Re8 24. Rad1 Kc8 25. Bc5 Rc6 26. Rd5 b6
27. Bd4 Bxd4 28. exd4 Rxc2 29. Rf2 Re1+ 30. Kg2 h3+ 0-1

[Event "23.Schlosspark-Open"]
[Site "Wiesbaden"]
[Date "2011.08.26"]
[Round "2.8"]
[White "Malek, Daniel"]
[Black "Schupp, Tobias"]
[Result "1/2-1/2"]
[WhiteElo "2341"]
[BlackElo "2041"]
[PlyCount "80"]
[EventDate "2011.??.??"]
[WhiteTeam "SV Oberursel"]
[BlackTeam "SK Niederbrechen 1948"]

1. d4 c5 2. d5 d6 3. e4 Nf6 4. Nc3 g6 5. Bb5+ Bd7 6. a4 Bg7 7. Nf3 O-O 8. h3
Bxb5 9. axb5 Nbd7 10. O-O a6 11. bxa6 Rxa6 12. Rxa6 bxa6 13. Qd3 Qb6 14. b3 Rc8
15. Bd2 c4 16. bxc4 Qb4 17. Ra1 Qxc4 18. Rxa6 Qxd3 19. cxd3 Nc5 20. Rc6 Ra8 21.
e5 Ne8 22. exd6 exd6 23. d4 Nd3 24. g3 Kf8 25. Nb5 Ke7 26. Rb6 h6 27. Rb7+ Kf8
28. h4 Ra1+ 29. Kg2 Ra2 30. Nc7 Rb2 31. Ra7 Nxc7 32. Rxc7 Rb5 33. Ra7 Nb2 34.
Bf4 Rxd5 35. Rd7 Nc4 36. Rc7 Na3 37. Be3 Nb5 38. Rc4 Ke7 39. Kf1 Kd7 40. Ke2
Nc7 1/2-1/2

[Event "23.Schlosspark-Open"]
[Site "Wiesbaden"]
[Date "2011.08.26"]
[Round "2.9"]
[White "Menning, Uwe"]
[Black "Nagel, Bernhard"]
[Result "1/2-1/2"]
[WhiteElo "2059"]
[BlackElo "2277"]
[PlyCount "85"]
[EventDate "2011.??.??"]
[WhiteTeam "SC Taunusstein 1966"]
[BlackTeam "Wiesbadener SV 1885"]

1. d4 Nf6 2. Nf3 e6 3. Bg5 h6 4. Bh4 c5 5. c3 cxd4 6. Nxd4 d5 7. e3 Be7 8. Be2
Nc6 9. O-O O-O 10. Nd2 Bd7 11. N2f3 Ne4 12. Bxe7 Qxe7 13. Nd2 Nf6 14. N2f3 e5
15. Nxc6 Bxc6 16. Qb3 Rac8 17. a3 Ne4 18. Qb4 Qf6 19. Rad1 Rfd8 20. Bd3 Nd6 21.
Be2 a6 22. Qh4 Qe6 23. Qh5 f6 24. Nh4 Be8 25. Qg4 Bf7 26. Qxe6 Bxe6 27. Nf3 Ne4
28. Ne1 d4 29. f3 Bb3 30. fxe4 Bxd1 31. Bxd1 dxc3 32. Bb3+ Kh7 33. bxc3 Rxc3
34. Bd5 b5 35. Nf3 Rxa3 36. Rc1 b4 37. Rc7 Rb8 38. Be6 b3 39. Bf5+ Kh8 40. Nh4
b2 41. Ng6+ Kg8 42. Ne7+ Kh8 43. Ng6+ 1/2-1/2

[Event "23.Schlosspark-Open"]
[Site "Wiesbaden"]
[Date "2011.08.26"]
[Round "2.10"]
[White "Brechlin, Olaf"]
[Black "Gottschalk, Jens"]
[Result "1/2-1/2"]
[WhiteElo "2050"]
[BlackElo "2268"]
[PlyCount "44"]
[EventDate "2011.??.??"]
[WhiteTeam "SC Hoyerswerda"]
[BlackTeam "Wiesbadener SV 1885"]

1. Nc3 c5 2. g3 Nc6 3. Bg2 g6 4. f4 Bg7 5. Nf3 d5 6. d3 e6 7. O-O Nge7 8. e4
dxe4 9. dxe4 Qxd1 10. Nxd1 e5 11. c3 b6 12. Ne3 exf4 13. gxf4 Ba6 14. Rd1 Rd8
15. Rxd8+ Kxd8 16. Ng5 Ke8 17. Nd5 h6 18. Nf3 Bd3 19. Ne1 Bc4 20. Nc2 Bd3 21.
Ne1 Bc4 22. Nc2 Bd3 1/2-1/2

[Event "23.Schlosspark-Open"]
[Site "Wiesbaden"]
[Date "2011.08.26"]
[Round "2.11"]
[White "Kiese, Matthias"]
[Black "Krzesinski, Paul"]
[Result "1-0"]
[WhiteElo "2258"]
[BlackElo "1832"]
[PlyCount "79"]
[EventDate "2011.??.??"]
[WhiteTeam "Bochumer SV 02"]
[BlackTeam "Frankfurter TV 1860"]

1. d4 Nf6 2. Nf3 e6 3. Bg5 h6 4. Bh4 c5 5. e3 Nc6 6. c3 cxd4 7. exd4 d5 8. Nbd2
Be7 9. Bd3 O-O 10. O-O a6 11. a4 Bd7 12. Re1 Na7 13. Ne5 b5 14. axb5 Bxb5 15.
Bxb5 Nxb5 16. Qe2 Qc8 17. Ra4 Qb7 18. Rea1 Rfb8 19. Nd3 Qc8 20. Bxf6 gxf6 21.
Qe3 Kh7 22. Nb4 Rb6 23. Nxd5 exd5 24. Qxe7 Ra7 25. Qc5 Qe6 26. Nf3 Re7 27. h3
Rc6 28. Qb4 Rc4 29. Qb3 Rxa4 30. Qxa4 Ra7 31. Re1 Qb6 32. Qc2+ Kg7 33. Qf5 Qc6
34. Re3 Nd6 35. Qg4+ Kh7 36. Nh4 Ra8 37. Re7 Rg8 38. Qd7 Qb6 39. Nf5 Nxf5 40.
Qxf5+ 1-0

[Event "23.Schlosspark-Open"]
[Site "Wiesbaden"]
[Date "2011.08.26"]
[Round "2.12"]
[White "Tuchtfeld, Jürgen"]
[Black "Repplinger, Marc"]
[Result "1/2-1/2"]
[WhiteElo "2038"]
[BlackElo "2249"]
[PlyCount "65"]
[EventDate "2011.??.??"]
[WhiteTeam "SK Ebringen"]
[BlackTeam "SV Koblenz 03/25"]

1. c4 f5 2. g3 Nf6 3. Bg2 d6 4. Nc3 e5 5. e3 Be7 6. Nge2 O-O 7. O-O c6 8. d3
Be6 9. f4 Nbd7 10. h3 Qc7 11. b3 Rae8 12. Bb2 Kh8 13. Kh2 a5 14. Qd2 Nc5 15. e4
fxe4 16. dxe4 exf4 17. gxf4 Bc8 18. Ng3 Rf7 19. Rae1 Ref8 20. Nce2 Ne8 21. e5
dxe5 22. fxe5 Ne6 23. Rxf7 Rxf7 24. Rf1 Bb4 25. Qc1 Kg8 26. Kh1 Bf8 27. Ne4
Rxf1+ 28. Qxf1 Qf7 29. Qe1 Bb4 30. Qg3 Be7 31. Qe1 Bb4 32. Qg3 Be7 33. Qe1
1/2-1/2

[Event "23.Schlosspark-Open"]
[Site "Wiesbaden"]
[Date "2011.08.26"]
[Round "2.13"]
[White "Werner, Dimo"]
[Black "Seidel, Jürgen"]
[Result "1/2-1/2"]
[WhiteElo "2237"]
[BlackElo "2033"]
[PlyCount "74"]
[EventDate "2011.??.??"]
[WhiteTeam "Vorw.Orient Mainz"]
[BlackTeam "SV 1920 Hofheim"]

1. d4 d5 2. Nf3 Nf6 3. c4 dxc4 4. e3 e6 5. Bxc4 c5 6. O-O a6 7. a4 Nc6 8. Qe2
cxd4 9. Rd1 Be7 10. exd4 O-O 11. Nc3 Nb4 12. Ne5 b6 13. Na2 Bb7 14. Nxb4 Bxb4
15. Bg5 Qd6 16. Bxf6 gxf6 17. Qg4+ Kh8 18. Qh4 Qe7 19. Bd3 f5 20. Qxe7 Bxe7 21.
Be2 Rad8 22. Bf3 Bxf3 23. Nxf3 Bf6 24. Rd2 Rd5 25. Kf1 Rc8 26. b3 Kg8 27. Ke2
Be7 28. Raa2 Rdd8 29. Rdc2 Bd6 30. g3 f6 31. Rc4 Rxc4 32. bxc4 Bb4 33. Rb2 a5
34. Rb3 Kf7 35. Re3 Rd7 36. Rb3 Rd8 37. Re3 Rd7 1/2-1/2

[Event "23.Schlosspark-Open"]
[Site "Wiesbaden"]
[Date "2011.08.26"]
[Round "2.14"]
[White "Partzsch, Lukas"]
[Black "Kayser, Felix"]
[Result "1/2-1/2"]
[WhiteElo "2034"]
[BlackElo "2190"]
[PlyCount "34"]
[EventDate "2011.??.??"]
[WhiteTeam "SC Matt im Park Ffm"]
[BlackTeam "Wiesbadener SV 1885"]

1. d4 d5 2. c4 dxc4 3. Nf3 Nf6 4. e3 e6 5. Bxc4 c5 6. O-O a6 7. dxc5 Qxd1 8.
Rxd1 Bxc5 9. a3 b5 10. Be2 Nc6 11. b4 Bb6 12. Bb2 Ke7 13. Nbd2 Bb7 14. Nb3 Rhd8
15. Rxd8 Rxd8 16. Rc1 Rd5 17. Nfd4 Nxd4 1/2-1/2

[Event "23.Schlosspark-Open"]
[Site "Wiesbaden"]
[Date "2011.08.26"]
[Round "2.15"]
[White "Minor, Samuel"]
[Black "Gentner, Markus"]
[Result "1/2-1/2"]
[WhiteElo "2210"]
[BlackElo "2026"]
[PlyCount "130"]
[EventDate "2011.??.??"]
[WhiteTeam "Wiesbadener SV 1885"]
[BlackTeam "SC Murrhardt 1948 e.V."]

1. e4 c6 2. d4 d5 3. e5 c5 4. dxc5 Nc6 5. Bb5 e6 6. Nf3 Bxc5 7. O-O Nge7 8.
Nbd2 O-O 9. Nb3 Bb6 10. Qe2 Qc7 11. c3 Ng6 12. Re1 Bd7 13. Bd3 Rfe8 14. h4 f6
15. Bxg6 hxg6 16. Qd3 Kf7 17. h5 Ne7 18. h6 Qc4 19. Qxc4 dxc4 20. Nbd2 gxh6 21.
Nxc4 Nf5 22. exf6 Kxf6 23. g4 Bc6 24. Nce5 Bxf3 25. Nxf3 Ne7 26. Bxh6 Nc6 27.
Ng5 Rad8 28. Re2 e5 29. Rae1 Rd3 30. Ne4+ Kf7 31. Rd2 Red8 32. Red1 Rxd2 33.
Rxd2 Rxd2 34. Bxd2 Ke6 35. Kf1 Kd5 36. f3 Nd8 37. Ke2 Ne6 38. Kd3 Bd8 39. c4+
Kc6 40. Bc3 Bc7 41. Nf2 Nc5+ 42. Kc2 Ne6 43. Nd3 Ng5 44. Nxe5+ Bxe5 45. Bxe5
Nxf3 46. Bc3 g5 47. Kd3 Nh2 48. Bd4 a6 49. Ke4 Nxg4 50. Kf5 Nh2 51. a4 Nf3 52.
Bc3 Kc5 53. Ke4 g4 54. b3 Ng5+ 55. Kd3 g3 56. b4+ Kd6 57. b5 g2 58. Bd4 Nf3 59.
c5+ Kc7 60. Bf2 g1=Q 61. Bxg1 Nxg1 62. Ke3 Nh3 63. Kd4 Nf4 64. Kc4 Ne2 65. Kb4
axb5 1/2-1/2

[Event "23.Schlosspark-Open"]
[Site "Wiesbaden"]
[Date "2011.08.26"]
[Round "2.17"]
[White "Supplieth, Peter"]
[Black "Nabavi, Parwis"]
[Result "0-1"]
[WhiteElo "2028"]
[BlackElo "2202"]
[PlyCount "130"]
[EventDate "2011.??.??"]
[WhiteTeam "SC Kevelaer 1948 e.V."]
[BlackTeam "SGEM Dreisamtal"]

1. e4 e5 2. Nf3 Nc6 3. Bb5 a6 4. Ba4 Nf6 5. O-O Be7 6. Qe2 b5 7. Bb3 O-O 8. c3
d6 9. h3 Na5 10. Bc2 c5 11. Rd1 Qc7 12. d4 Bd7 13. Bg5 h6 14. Bh4 cxd4 15. cxd4
Rac8 16. Bd3 Nc6 17. dxe5 Nxe5 18. Nxe5 dxe5 19. Nc3 Bc6 20. Bg3 Rfd8 21. Rac1
Qb8 22. a3 Bd6 23. Bh4 Be7 24. Bg3 Bb7 25. b4 Kf8 26. Qf3 g6 27. Bh4 Kg7 28.
Bg3 Rd4 29. Bb1 Rdc4 30. Qe3 Nh5 31. Ba2 Bg5 32. Qf3 Bxc1 33. Bxc4 Rxc4 34.
Rxc1 Bxe4 35. Qe3 Nxg3 36. Qxg3 Qc7 37. Qe3 Bb7 38. Ne2 Bd5 39. Rxc4 Bxc4 40.
Nc3 f6 41. Qf3 f5 42. Qe3 h5 43. Qf3 Be6 44. Qe3 Kf6 45. Qf3 Qc4 46. g3 Bf7 47.
h4 Kg7 48. Qe3 Qd4 49. Ne2 Qxe3 50. fxe3 Kf6 51. Kf2 Bc4 52. Nc3 g5 53. Kf3 Kg6
54. hxg5 Kxg5 55. e4 f4 56. gxf4+ exf4 57. Nd1 Be6 58. Nf2 Bg4+ 59. Kg2 f3+ 60.
Kg3 h4+ 61. Kh2 Kf4 62. Kg1 Bc8 63. Kf1 Bb7 64. Nd3+ Ke3 65. Nc5 Bxe4 0-1

[Event "23.Schlosspark-Open"]
[Site "Wiesbaden"]
[Date "2011.08.26"]
[Round "2.18"]
[White "Belz, Frank-M"]
[Black "Tischendorf, Michael"]
[Result "1/2-1/2"]
[WhiteElo "2025"]
[BlackElo "2186"]
[PlyCount "72"]
[EventDate "2011.??.??"]
[WhiteTeam "SK Freising"]
[BlackTeam "SV 1920 Hofheim"]

1. Nf3 f5 2. c4 Nf6 3. g3 g6 4. b4 Bg7 5. Bb2 O-O 6. Bg2 d6 7. O-O e5 8. d3 Qe8
9. e4 f4 10. Nc3 Nh5 11. Nd2 fxg3 12. fxg3 Be6 13. Nd5 Rxf1+ 14. Qxf1 Qd8 15.
Qf2 c6 16. Nc3 Nd7 17. Nb3 Ndf6 18. h3 Qd7 19. Kh2 b6 20. a4 Bh6 21. Bc1 Qg7
22. Be3 Rf8 23. Qd2 Bxe3 24. Qxe3 Qe7 25. b5 c5 26. a5 Nd7 27. axb6 axb6 28.
Ra6 Qf6 29. Nd1 g5 30. Nd2 g4 31. h4 Nf4 32. Ra1 Kg7 33. Nc3 h6 34. Rf1 Rf7 35.
Ne2 Nxg2 36. Kxg2 Qe7 1/2-1/2

[Event "23.Schlosspark-Open"]
[Site "Wiesbaden"]
[Date "2011.08.26"]
[Round "2.19"]
[White "Vogel, Christian"]
[Black "Baskin, Robert"]
[Result "1-0"]
[WhiteElo "2184"]
[BlackElo "1977"]
[PlyCount "83"]
[EventDate "2011.??.??"]
[WhiteTeam "SV Saarbrücken 1970"]
[BlackTeam "SAbt TuS Makkabi Ffm"]

1. e4 e6 2. d4 d5 3. Nc3 Bb4 4. e5 Ne7 5. a3 Bxc3+ 6. bxc3 c5 7. Qg4 O-O 8. Bd3
Nbc6 9. Nf3 f5 10. exf6 Rxf6 11. Bg5 Rf7 12. Qh4 h6 13. Bxe7 Qxe7 14. Qxe7 Rxe7
15. Kd2 c4 16. Bg6 Bd7 17. Rhe1 Be8 18. Bxe8 Raxe8 19. Ne5 Nxe5 20. Rxe5 Rf7
21. Ke3 Rf5 22. f4 Rxe5+ 23. dxe5 Rc8 24. Kd4 b6 25. Rf1 Rc5 26. f5 Kf7 27. g4
Ra5 28. Ra1 Rb5 29. Ke3 h5 30. gxh5 exf5 31. Rg1 Ra5 32. Kd4 Rxa3 33. Rg6 Ra2
34. e6+ Kf8 35. Rg2 Ra3 36. Rg5 f4 37. Rf5+ Ke7 38. Ke5 b5 39. Rf7+ Ke8 40.
Rxg7 Ra6 41. h6 Kf8 42. Rg6 1-0

[Event "23.Schlosspark-Open"]
[Site "Wiesbaden"]
[Date "2011.08.26"]
[Round "2.20"]
[White "Weber, Rainer"]
[Black "Klein, Maximilian"]
[Result "0-1"]
[WhiteElo "2174"]
[BlackElo "2006"]
[PlyCount "103"]
[EventDate "2011.??.??"]
[WhiteTeam "SV Ebersbach"]
[BlackTeam "SC Idar-Oberstein"]

1. d4 d5 2. c4 c6 3. Nc3 Nf6 4. Nf3 a6 5. cxd5 cxd5 6. Bf4 Nbd7 7. e3 e6 8. Bd3
Be7 9. Rc1 Nh5 10. Be5 Nxe5 11. dxe5 g6 12. g4 Ng7 13. Qa4+ Bd7 14. Qf4 g5 15.
Qg3 Qb6 16. Rc2 Bc6 17. h4 gxh4 18. Qf4 h6 19. Nd4 Bg5 20. Qh2 O-O-O 21. f4 Be7
22. Qe2 Kb8 23. a3 Rc8 24. b4 f6 25. b5 Bxb5 26. Bxb5 axb5 27. exf6 Bxf6 28.
Qd3 Rc4 29. O-O Bxd4 30. exd4 Qxd4+ 31. Qxd4 Rxd4 32. Nxb5 Rd3 33. Rb1 Rc8 34.
Re2 Rg3+ 35. Kh2 Rxg4 36. Nd6 Rc7 37. Reb2 Nf5 38. Nxb7 Kc8 39. a4 Rxf4 40. a5
Ra4 41. Rb6 Ra2+ 42. Kh3 Ra3+ 43. Kg4 Ra4+ 44. Kh5 h3 45. a6 h2 46. Kg6 Rg7+
47. Kf6 Rg1 48. Rc6+ Kd7 49. Rbb6 Rc4 50. a7 h1=Q 51. Rxe6 Qh4+ 52. Kxf5 0-1

[Event "23.Schlosspark-Open"]
[Site "Wiesbaden"]
[Date "2011.08.26"]
[Round "2.21"]
[White "Schmidt, Volker"]
[Black "Kuhn, Andreas"]
[Result "0-1"]
[WhiteElo "2013"]
[BlackElo "2162"]
[PlyCount "96"]
[EventDate "2011.??.??"]
[WhiteTeam "SAbt TuS Dotzheim"]
[BlackTeam "Wiesbadener SV 1885"]

1. c4 e5 2. g3 f5 3. Bg2 Nf6 4. Nc3 Bb4 5. e3 Bxc3 6. bxc3 e4 7. d4 d6 8. Nh3
O-O 9. O-O Re8 10. Qb3 c6 11. Ba3 Na6 12. Rfd1 h6 13. Nf4 g5 14. Ne2 Kg7 15.
Rac1 Rb8 16. c5 d5 17. c4 Be6 18. cxd5 Bxd5 19. Qc2 Qd7 20. Nc3 Nc7 21. Bb2 Qf7
22. Re1 g4 23. a3 Ne6 24. Nxd5 Nxd5 25. h4 gxh3 26. Bxh3 Ng5 27. Bg2 Qh5 28.
Qd1 Nf3+ 29. Kf1 Qg4 30. Re2 h5 31. Rec2 Kf7 32. Bxf3 exf3 33. Qd3 Re4 34. Qb3
h4 35. gxh4 Qg2+ 36. Ke1 Qg1+ 37. Kd2 Qxf2+ 38. Kd3 Qxe3+ 39. Kc4 Qf4 40. Qd3
f2 41. h5 Re1 42. Rxf2 Ne3+ 43. Kb3 Qxf2 44. d5 Rxc1 45. Bxc1 Nxd5 46. Ka4 b5+
47. Ka5 Qe1+ 48. Bd2 Qe4 0-1

[Event "23.Schlosspark-Open"]
[Site "Wiesbaden"]
[Date "2011.08.26"]
[Round "2.22"]
[White "Ruppert, Wolfgang"]
[Black "Tufa, Mihai"]
[Result "1-0"]
[WhiteElo "2155"]
[BlackElo "2003"]
[PlyCount "135"]
[EventDate "2011.??.??"]
[WhiteTeam "SC Flörsheim 1921"]
[BlackTeam "Club Sah Diana Galati"]

1. e4 c5 2. Nf3 Nc6 3. Bb5 d6 4. Bxc6+ bxc6 5. O-O e5 6. c3 Bg4 7. h3 Bh5 8.
Re1 Bxf3 9. Qxf3 Qf6 10. Qe2 a6 11. b4 cxb4 12. Qc4 Ne7 13. Qxb4 Qe6 14. Na3
Ng6 15. Qa4 Rc8 16. d4 Be7 17. d5 Qf6 18. dxc6 O-O 19. Nc4 Bd8 20. Qxa6 Ne7 21.
Ba3 Rxc6 22. Qb5 Qe6 23. Ne3 Rxc3 24. Bb4 Rc6 25. Nd5 Qc8 26. Red1 f5 27. f3
fxe4 28. fxe4 Ng6 29. Rf1 Nf4 30. Nxf4 exf4 31. Qd5+ Kh8 32. Bxd6 Bb6+ 33. Kh2
Rd8 34. e5 Be3 35. a4 Qa6 36. Qb5 Qa8 37. Ra2 g5 38. Qd5 g4 39. Qe6 g3+ 40. Kh1
Qc8 41. Qf6+ Kg8 42. Qg5+ Kh8 43. Qf6+ Kg8 44. Qg5+ Kh8 45. Raa1 Re8 46. Rad1
Qe6 47. a5 Ra6 48. Bc7 Qe7 49. Qh5 Rg6 50. Bd6 Qa7 51. Qf5 Rge6 52. Bb4 Qc7 53.
Bd6 Qa7 54. Rb1 Qg7 55. Rb8 Qg6 56. Rxe8+ Rxe8 57. Qb1 Qxb1 58. Rxb1 Kg7 59.
Rb8 Kf7 60. a6 Rxb8 61. Bxb8 Ke6 62. a7 Bxa7 63. Bxa7 Kxe5 64. Kg1 Ke4 65. Kf1
f3 66. Bb8 fxg2+ 67. Kxg2 Kf5 68. Kxg3 1-0

[Event "23.Schlosspark-Open"]
[Site "Wiesbaden"]
[Date "2011.08.26"]
[Round "2.23"]
[White "Weiler, Dieter"]
[Black "Reichenbächer, Thomas"]
[Result "1/2-1/2"]
[WhiteElo "2142"]
[BlackElo "1996"]
[PlyCount "108"]
[EventDate "2011.??.??"]
[WhiteTeam "vereinslos"]
[BlackTeam "SC Steißlingen"]

1. d4 f5 2. Nf3 Nf6 3. c4 g6 4. Nc3 Bg7 5. e3 d6 6. Be2 O-O 7. O-O c6 8. b4 a5
9. b5 c5 10. Bb2 Nbd7 11. d5 Nb6 12. Qc2 e6 13. dxe6 Bxe6 14. Na4 Nxa4 15. Qxa4
h6 16. Qc2 Qe7 17. Rac1 Rad8 18. Rfd1 b6 19. Bf1 Ne4 20. Bxg7 Qxg7 21. Ne1 g5
22. f3 Nf6 23. Rd2 Ne8 24. Rcd1 Qf6 25. Bd3 Kg7 26. e4 f4 27. Be2 Rd7 28. Nd3
Re7 29. Nb2 Bf7 30. Na4 Rb7 31. Nc3 Re7 32. Kf1 Re5 33. Na4 Qd8 34. Kg1 Kg8 35.
Nb2 Qf6 36. Bf1 Re7 37. Na4 Rb7 38. Qb2 Qxb2 39. Rxb2 Kg7 40. Kf2 Kf6 41. Rbd2
Ke5 42. Be2 Bg8 43. h4 gxh4 44. Rh1 Rf6 45. Rxh4 Ke6 46. Nc3 Ke7 47. Nd5+ Bxd5
48. exd5 Kf7 49. Bd3 Re7 50. Be4 Ng7 51. Re2 Re5 52. Rh1 Nh5 53. Rh4 Ng7 54.
Re1 Ke7 1/2-1/2

[Event "23.Schlosspark-Open"]
[Site "Wiesbaden"]
[Date "2011.08.26"]
[Round "2.24"]
[White "Eg, Karlheinz"]
[Black "Kreiling, Carsten"]
[Result "0-1"]
[WhiteElo "2007"]
[BlackElo "2138"]
[PlyCount "68"]
[EventDate "2011.??.??"]
[WhiteTeam "SV Rüsselsheim 1929"]
[BlackTeam "SVG Eppstein 1932"]

1. e4 c5 2. Nf3 d6 3. d4 cxd4 4. Nxd4 Nf6 5. Nc3 g6 6. Be3 Bg7 7. Be2 Nc6 8. h4
h5 9. f3 Qb6 10. Nf5 Qxb2 11. Nxg7+ Kf8 12. Bd2 Nd4 13. Bd3 Kxg7 14. Na4 Qa3
15. c3 Bd7 16. Bc1 Qxa4 17. Qxa4 Nxf3+ 18. gxf3 Bxa4 19. Rb1 Rab8 20. Be3 Bc6
21. Rh2 b6 22. Bd4 e5 23. Be3 d5 24. Rb4 dxe4 25. fxe4 Rhd8 26. Bc2 Ng4 27. Rh3
Nxe3 28. Rxe3 Rd6 29. Rg3 Rbd8 30. Rc4 Bb5 31. Rc7 R6d7 32. Rxd7 Rxd7 33. Rf3
Rd6 34. Bb3 Rf6 0-1

[Event "23.Schlosspark-Open"]
[Site "Wiesbaden"]
[Date "2011.08.26"]
[Round "2.25"]
[White "Simkin, Mark"]
[Black "Specht, Christian"]
[Result "0-1"]
[WhiteElo "2004"]
[BlackElo "2132"]
[PlyCount "66"]
[EventDate "2011.??.??"]
[WhiteTeam "SV Saarbrücken 1970"]
[BlackTeam "SC Flörsheim 1921"]

1. e4 c5 2. Nf3 Nc6 3. d4 cxd4 4. Nxd4 e5 5. Nb5 d6 6. N1c3 a6 7. Na3 b5 8. Nd5
Nf6 9. Bg5 Be7 10. Bxf6 Bxf6 11. c3 Ne7 12. Nxe7 Bxe7 13. Nc2 Bb7 14. Qg4 O-O
15. Ne3 Bg5 16. Nf5 g6 17. h4 Bf4 18. Ng3 Bxg3 19. fxg3 Qb6 20. Qe2 f5 21. exf5
Rxf5 22. h5 g5 23. O-O-O Rf2 24. Qg4 Qe3+ 25. Kb1 Be4+ 26. Ka1 Bf5 27. Qb4 Rd8
28. c4 Rc2 29. a4 Rc1+ 30. Rxc1 Qxc1+ 31. Ka2 Qb1+ 32. Ka3 Qa1+ 33. Kb3 bxa4+
0-1

[Event "23.Schlosspark-Open"]
[Site "Wiesbaden"]
[Date "2011.08.26"]
[Round "2.27"]
[White "Goloborodko, Dmitro"]
[Black "Matzies, Alexander"]
[Result "0-1"]
[WhiteElo "2123"]
[BlackElo "1982"]
[PlyCount "42"]
[EventDate "2011.??.??"]
[WhiteTeam "SG Turm Idstein"]
[BlackTeam "Sfr.1932 Kelkheim"]

1. d4 Nf6 2. c4 e6 3. Nc3 Bb4 4. Qc2 c5 5. dxc5 Na6 6. a3 Bxc3+ 7. Qxc3 Nxc5 8.
b4 Nce4 9. Qc2 d5 10. e3 dxc4 11. Bxc4 Bd7 12. Ne2 Rc8 13. Qd3 Nxf2 14. Kxf2
Ng4+ 15. Ke1 Qf6 16. Qd4 e5 17. Qd5 Qf2+ 18. Kd1 O-O 19. Qe4 Ba4+ 20. Kd2 Rfd8+
21. Kc3 Qxe2 0-1

[Event "23.Schlosspark-Open"]
[Site "Wiesbaden"]
[Date "2011.08.26"]
[Round "2.28"]
[White "Kettner, Uwe"]
[Black "Cofman, Veaceslav"]
[Result "0-1"]
[WhiteElo "1993"]
[BlackElo "1990"]
[PlyCount "84"]
[EventDate "2011.??.??"]
[WhiteTeam "SAbt TuS Dotzheim"]
[BlackTeam "Karlsruher SF 1853"]

1. e4 e6 2. Nf3 d5 3. Nc3 Nf6 4. e5 Nfd7 5. d4 a6 6. Bd3 Be7 7. Bf4 c5 8. dxc5
Nc6 9. O-O Nxc5 10. Ne2 f6 11. Ned4 f5 12. Nxc6 bxc6 13. Nd4 Nxd3 14. cxd3 Qb6
15. Nb3 O-O 16. d4 a5 17. Qc2 Ba6 18. Rfc1 Bc4 19. Nd2 Qxd4 20. Be3 Qxe5 21.
Nxc4 dxc4 22. Qxc4 Rac8 23. Rc2 f4 24. Bd4 Qd5 25. Rac1 Rf5 26. b3 Rg5 27. Qxd5
Rxd5 28. Bb6 Bb4 29. Kf1 c5 30. Ke2 Rd6 31. Rxc5 Bxc5 32. Rxc5 Rxc5 33. Bxc5
Rc6 34. b4 axb4 35. Bxb4 Rc2+ 36. Kf3 Rxa2 37. Bd6 g5 38. h4 g4+ 39. Kxf4 Rxf2+
40. Kg3 Re2 41. h5 Kf7 42. Bf4 Kf6 0-1